| 000 | 01631nam a2200457 i 4500 | ||
|---|---|---|---|
| 001 | 14392 | ||
| 003 | KOSZ 005 | ||
| 005 | 20200511103318.0 | ||
| 008 | 070608s1972 pl f 001 0 pol | ||
| 015 | _aPB 1972/3136 | ||
| 035 | _a991035473959705066 | ||
| 035 | _a(PL-WaBN)b19541880-48omnis_nlop | ||
| 035 | _ab19541880 | ||
| 035 | _a(OCoLC)749786048 | ||
| 035 | _a(PL)b0000001954188 | ||
| 035 | _a(EXLNZ-48OMNIS_NETWORK)9910521799805606 | ||
| 040 |
_aWA N _cWA N _dKOSZ 005/RW |
||
| 041 | 1 |
_apol _hrus |
|
| 046 | _k1968 | ||
| 080 | _a517 | ||
| 245 | 0 | 0 |
_aRównania całkowe / _cM. A. Krasnosielski [et al. ; tłumaczenie Mirosław Mochnacki]. |
| 246 | 1 |
_iTytuł oryginału: _aIntegral'nye uravneniâ |
|
| 260 |
_aWarszawa : _bPaństwowe Wydawnictwo Naukowe, _c1972. |
||
| 300 |
_a455, [1] stron ; _c23 cm. |
||
| 336 |
_aTekst _btxt _2rdacontent |
||
| 337 |
_aBez urządzenia pośredniczącego _bn _2rdamedia |
||
| 338 |
_aWolumin _bnc _2rdacarrier |
||
| 380 | _aKsiążki | ||
| 388 | _a1901-2000 | ||
| 490 | 1 | _aPrzeglądowa Biblioteka Matematyki | |
| 504 | _aBibliografia na stronach [422]-436. Indeks. | ||
| 658 | _aMatematyka | ||
| 650 | 7 |
_aRównania całkowe _2DBN |
|
| 700 | 1 |
_aKrasnosel'skij, Mark Aleksandrovič _d(1920-1997). _eAutor |
|
| 710 | 2 |
_aPaństwowe Wydawnictwo Naukowe _4pbl. |
|
| 700 | 1 |
_aMochnacki, Mirosław _d(1904-1970) _eTłumaczenie |
|
| 856 |
_uhttp://koha.tu.koszalin.pl/cgi-bin/koha/opac-detail.pl?biblionumber=14392 _yKatalog online BPK |
||
| 830 | 0 | _aPrzeglądowa Biblioteka Matematyki | |
| 942 |
_2UKD _cKS |
||
| 999 |
_c14392 _d14392 |
||